| 000 | 00659nam a2200205Ia 4500 | ||
|---|---|---|---|
| 003 | SISC | ||
| 005 | 20170203103448.0 | ||
| 008 | 140321s9999 xx 000 0 und d | ||
| 020 | _a9789814416580 | ||
| 050 |
_aHD 60.5 _b.F383 2012 |
||
| 100 | _aFerrell, O. C. | ||
| 245 |
_aSocial responsibility and business / _cO.C. Ferrell, Debbie M. Thorne and Linda Ferrell. |
||
| 250 | _a4th edition. | ||
| 260 |
_aPhilippines : _bCengage Learning, _c2012. |
||
| 300 |
_a667 pages : _c23 cm. _billustrations ; |
||
| 500 | _aIncludes bibliographical references and index. | ||
| 650 | _aSocial responsibility of business. | ||
| 942 |
_kFOR _cBK _2lcc |
||
| 999 |
_c48317 _d48317 |
||